000 01638nam a2200397 a 4500
001 ebr10588224
003 CaPaEBR
006 m u
007 cr cn|||||||||
008 761202s1976 ne sb 101 0 eng d
010 _z 76381268
020 _z0202900290 (Aldine)
020 _z9027978093
020 _z9789027978097
020 _z9783110818895 (e-book)
040 _aCaPaEBR
_cCaPaEBR
035 _a(OCoLC)840416001
050 1 4 _aHV5009
_b.C65 1973eb
082 0 4 _a362.2/92
111 2 _aConference on Alcohol Studies and Anthropology
_d(1973 :
_cChicago, Ill.)
245 1 0 _aCross-cultural approaches to the study of alcohol
_h[electronic resource] :
_ban interdisciplinary perspective /
_ceditors, Michael W. Everett, Jack O. Waddell, Dwight B. Heath.
260 _aThe Hague :
_bMouton ;
_aChicago :
_bdistributed in the USA and Canada by Aldine,
_cc1976.
300 _axvii, 432 p.
440 0 _aWorld anthropology
504 _aIncludes bibliographical references and indexes.
533 _aElectronic reproduction.
_bPalo Alto, Calif. :
_cebrary,
_d2011.
_nAvailable via World Wide Web.
_nAccess may be limited to ebrary affiliated libraries.
650 0 _aAlcoholism
_vCongresses.
650 0 _aDrinking customs
_vCongresses.
650 0 _aAlcohol
_xPhysiological effect
_vCongresses.
655 7 _aElectronic books.
_2local
700 1 _aEverett, Michael W.
700 1 _aWaddell, Jack O.,
_d1933-
700 1 _aHeath, Dwight B.
710 2 _aebrary, Inc.
856 4 0 _uhttp://site.ebrary.com/lib/rucke/Doc?id=10588224
_zAn electronic book accessible through the World Wide Web; click to view
999 _c103712
_d103712